The elements of modern architecture : (Record no. 19130)
[ view plain ]
| 000 -LEADER | |
|---|---|
| fixed length control field | 01031cam a22002775a 4500 |
| 001 - CONTROL NUMBER | |
| control field | 17856645 |
| 003 - CONTROL NUMBER IDENTIFIER | |
| control field | EG-ScBUE |
| 005 - DATE AND TIME OF LATEST TRANSACTION | |
| control field | 20221211102155.0 |
| 008 - FIXED-LENGTH DATA ELEMENTS--GENERAL INFORMATION | |
| fixed length control field | 130819t2014 enka f b 001 0 eng d |
| 020 ## - INTERNATIONAL STANDARD BOOK NUMBER | |
| International Standard Book Number | 9780500342954 |
| 040 ## - CATALOGING SOURCE | |
| Original cataloging agency | DLC |
| Language of cataloging | eng |
| Description conventions | rda |
| Transcribing agency | DLC |
| Modifying agency | EG-ScBUE |
| -- | EG-ScBUE |
| 082 04 - DEWEY DECIMAL CLASSIFICATION NUMBER | |
| Classification number | 724.6 |
| Item number | RAD |
| Edition number | 22 |
| 100 1# - MAIN ENTRY--PERSONAL NAME | |
| Personal name | Radford, Antony, |
| Relator term | author. |
| 9 (RLIN) | 37514 |
| 245 14 - TITLE STATEMENT | |
| Title | The elements of modern architecture : |
| Remainder of title | understanding contemporary buildings / |
| Statement of responsibility, etc | Antony Radford, Selen Morkoç and Amit Srivastava. |
| 264 #1 - PUBLICATION, DISTRIBUTION, ETC. (IMPRINT) | |
| Place of publication, distribution, etc | London : |
| Name of publisher, distributor, etc | Thames & Hudson Ltd., |
| Date of publication, distribution, etc | [2014] |
| 264 #4 - PUBLICATION, DISTRIBUTION, ETC. (IMPRINT) | |
| Date of publication, distribution, etc | c2014 |
| 300 ## - PHYSICAL DESCRIPTION | |
| Extent | 344 pages : |
| Other physical details | illustrations ; |
| Dimensions | 23 cm |
| 504 ## - BIBLIOGRAPHY, ETC. NOTE | |
| Bibliography, etc | Includes bibliographical references and index.<br/> |
| 650 #7 - SUBJECT ADDED ENTRY--TOPICAL TERM | |
| Topical term or geographic name as entry element | Architecture, Modern |
| Chronological subdivision | 20th century. |
| Source of heading or term | BUEsh |
| 9 (RLIN) | 5929 |
| 651 ## - SUBJECT ADDED ENTRY--GEOGRAPHIC NAME | |
| Source of heading or term | BUEsh |
| 653 ## - INDEX TERM--UNCONTROLLED | |
| Resource For college | Engineering, Architecture |
| Arrived date list | March2015 |
| -- | April2015 |
| -- | January2017 |
| 655 ## - INDEX TERM--GENRE/FORM | |
| Form subdivision | Reading book |
| 9 (RLIN) | 34232 |
| 700 1# - ADDED ENTRY--PERSONAL NAME | |
| Personal name | Morkoç, Selen B., |
| Fuller form of name | (Selen Bahriye) |
| Relator term | author. |
| 9 (RLIN) | 37519 |
| 700 1# - ADDED ENTRY--PERSONAL NAME | |
| Personal name | Srivastava, Amit |
| Titles and other words associated with a name | (Architect) |
| Relator term | author. |
| 9 (RLIN) | 37520 |
| 942 ## - ADDED ENTRY ELEMENTS (KOHA) | |
| Source of classification or shelving scheme | Dewey Decimal Classification |
| Call number prefix | 724.6 RAD |
| Koha item type | Book - Borrowing |
| Withdrawn status | Lost status | Source of classification or shelving scheme | Damaged status | Not for loan | Collection code | Home library | Current library | Shelving location | Date acquired | Source of acquisition | Cost, normal purchase price | Serial Enumeration / chronology | Total Checkouts | Full call number | Barcode | Date last seen | Cost, replacement price | Price effective from | Koha item type |
|---|---|---|---|---|---|---|---|---|---|---|---|---|---|---|---|---|---|---|---|
| Dewey Decimal Classification | Alahram | Central Library | Central Library | Ground Floor | 29/03/2015 | Purchase | 344.00 | 317 | 724.6 RAD | 000037856 | 15/07/2025 | 430.00 | 29/03/2015 | Reference (NB) | |||||
| Dewey Decimal Classification | ايمك | Central Library | Central Library | Ground Floor | 28/04/2015 | Purchase | 460.00 | 2447 | 724.6 RAD | 000038082 | 15/07/2025 | 575.00 | 28/04/2015 | Reference (NB) | |||||
| Dewey Decimal Classification | Baccah | Central Library | Central Library | Ground Floor | 04/01/2017 | Purchase | 329.00 | 3683 | 724.6 RAD | 000040745 | 15/07/2025 | 411.25 | Reference (NB) |